Oscar du meilleur acteur (1929-1960) - Statistiques

Statistiques générales
  • Ce quiz a été pris 15 fois
  • Le résultat moyen est 11 sur 30
Statistiques - réponses
Par images Réponse % Correct
Humphrey Bogart
80%
James Stewart
80%
Clark Gable
70%
Gary Cooper
70%
Laurence Olivier
70%
Marlon Brando
70%
Ernest Borgnine
60%
Yul Brynner
60%
David Niven
50%
Spencer Tracy
50%
Alec Guinness
40%
Charles Laughton
40%
Charlton Heston
40%
James Cagney
40%
Bing Crosby
30%
Emil Jannings
30%
Fredric March
30%
Lionel Barrymore
30%
William Holden
30%
George Arliss
20%
José Ferrer
20%
Paul Muni
20%
Ray Milland
20%
Warner Baxter
20%
Broderick Crawford
10%
Paul Lukas
10%
Robert Donnat
10%
Ronald Colman
10%
Victor McLaglen
10%
Wallace Beery
0%
Aucun quiz correspondant
Distribution des résultats
% des personnes avec chaque résultat
Percentile par nombre de réponses
Votre historique - résultats
Vous n’avez pas pris ce quiz